000 00553nam a2200145Ia 4500
008 100204s9999 xx 000 0 und d
082 _b6912
100 _a"राष्ट्रीय चरित्रमाला, पुणे"
245 _aराजा राममोहन रॉय
260 _b"राष्ट्रीय चरित्रमाला , पुणे"
_c1983
300 _a56
630 _aराजा राममोहन रॉय
730 _aराजा राममोहन रॉय
942 _cBOOK
999 _c451350
_d451347